|
|
|
|
| LEADER |
02898nam a2200553 4500 |
| 001 |
ocn908287066 |
| 003 |
OCoLC |
| 005 |
20170124071514.8 |
| 006 |
m o d |
| 007 |
cr cnu---unuuu |
| 008 |
150430t20152015enka ob 001 0 eng |
| 010 |
|
|
|a 2015017569
|
| 040 |
|
|
|a DLC
|b eng
|e rda
|c DLC
|d YDX
|d DG1
|d YDXCP
|d DEBBG
|d KSU
|d GrThAP
|
| 020 |
|
|
|a 9781118896273
|q electronic book
|
| 020 |
|
|
|a 1118896270
|q electronic book
|
| 020 |
|
|
|z 9781118896228
|q electronic book
|
| 020 |
|
|
|z 111889622X
|q electronic book
|
| 020 |
|
|
|a 9781118896242
|q electronic publication
|
| 020 |
|
|
|a 1118896246
|q electronic publication
|
| 020 |
|
|
|z 9781118896211
|q paperback
|
| 029 |
1 |
|
|a GBVCP
|b 85657631X
|
| 029 |
1 |
|
|a DEBBG
|b BV043399023
|
| 035 |
|
|
|a (OCoLC)908287066
|
| 042 |
|
|
|a pcc
|
| 050 |
1 |
4 |
|a K891.B8
|b K43 2015
|
| 082 |
0 |
0 |
|a 346.02/4
|2 23
|
| 049 |
|
|
|a MAIN
|
| 100 |
1 |
|
|a Khanlari, Raveed,
|e author.
|
| 245 |
1 |
0 |
|a FIDIC plant and design-build form of contract illustrated /
|c Raveed Khanlari and Mahdi Saadat Fard, Farab Energy and Water Projects.
|
| 246 |
3 |
|
|a Fédération internationale des ingénieurs-conseils plant and design-build forms of contract illustrated
|
| 264 |
|
1 |
|a Chichester, West Sussex, United Kingdom :
|b John Wiley & Sons, Ltd,
|c 2015.
|
| 264 |
|
4 |
|c ©2015
|
| 300 |
|
|
|a 1 online resource (xv, 328 pages)
|
| 336 |
|
|
|a text
|b txt
|2 rdacontent
|
| 337 |
|
|
|a computer
|b c
|2 rdamedia
|
| 338 |
|
|
|a online resource
|b cr
|2 rdacarrier
|
| 504 |
|
|
|a Includes bibliographical references and index.
|
| 505 |
0 |
|
|a Concept flow diagraming -- 1. General provisions -- 2. The employer -- 3. The engineer -- 4. The contractor -- 5. Design -- 6. Staff and labour -- 7. Plant, materials and workmanship -- 8. Commencement, delays and suspension -- 9. Tests on completion -- 10. Employer's taking over -- 11. Defects liability -- 12. Tests after completion -- 13. variations and adjustments -- 14. Contract price and payment -- 15. Termination by employer -- 16. Suspension and termination by contractor -- 17. Risk and responsibility -- 18. Insurance -- 19. Force majeure -- 20. Claims, disputes and arbitration.
|
| 588 |
|
|
|a Description based on online resource; title from digital title page (viewed on December 16, 2015).
|
| 630 |
0 |
0 |
|a FIDIC plant and design-build forms of contract.
|
| 610 |
2 |
0 |
|a International Federation of Consulting Engineers.
|
| 650 |
|
0 |
|a Engineering contracts.
|
| 650 |
|
0 |
|a Architectural contracts.
|
| 650 |
|
0 |
|a Standardized terms of contract.
|
| 655 |
|
4 |
|a Electronic books.
|
| 700 |
1 |
|
|a Saadat Fard, Mahdi,
|e author.
|
| 776 |
0 |
8 |
|i Print version:
|a Khanlari, Raveed, author.
|t FIDIC plant and design-build forms of contract illustrated
|d Chichester, West Sussex, United Kingdom : John Wiley & Sons, Ltd, 2015
|z 9781118896211
|w (DLC) 2015017184
|
| 856 |
4 |
0 |
|u https://doi.org/10.1002/9781118896273
|z Full Text via HEAL-Link
|
| 994 |
|
|
|a 92
|b DG1
|